| 000 | 00645nam a22001697a 4500 | ||
|---|---|---|---|
| 003 | BD-DhUL | ||
| 005 | 20170517165140.0 | ||
| 008 | 160127s1998 bg a|||| |||| 000 0 ben | ||
| 040 |
_aBD-DhUL _cBD-DhUL |
||
| 082 |
_a891.444 _bAHS |
||
| 100 | 1 | 0 | _aআহমদ, এমাজউদ্দীন |
| 245 |
_aশান্তি চুক্তি ো অন্যান্যা প্রবন্ধ / _cএমাজউদ্দীন আহমদ |
||
| 260 |
_aঢাকা : _bইনফো পাব., _c১৯৯৮ |
||
| 300 |
_a১০৪ পৃ. : _c২২ সেমি. |
||
| 650 | _aবাংলা প্রবন্ধ | ||
| 942 |
_2ddc _cBK |
||
| 999 |
_c198877 _d198877 |
||